000
00290 a2200157 4500
001
174748
020
_a
040
_c
Magnum
100
_a
Carmargo, Luis
240
1
0
_a
Abilio
_l
por
245
1
0
_a
Abilio
362
0
_a
1899
440
1
_a
Moderna
697
_a
IJ/ANIMAIS
942
_c
BK
999
_c
174748
_d
174748